[Event "AUTO-ADV-1013"]
[Site "http://www.queenalice.com/game.php?id=452656"]
[Date "2008.8.23"]
[Round "1"]
[White "Skartarys"]
[Black "superrating"]
[Result "1-0"]
[WhiteElo "1891"]
[BlackElo "1590"]

1. e4 e5 2. Nf3 Nc6 3. d4 exd4 4. Nxd4 Nxd4 5. Qxd4 c5 6. Qe3 d6 7. Bc4 Nf6 8.
Nc3 a6 9. Nd5 Be7 10. Nxf6+ Bxf6 11. c3 O-O 12. O-O h6 13. f4 b5 14. Bd5 Rb8 15.
e5 Re8 16. Qg3 dxe5 17. fxe5 Bg5 18. Bxf7+ Kh8 19. Bxe8 Qxe8 20. Bxg5 hxg5 21.
Qxg5 Be6 22. Rf4 Qd7 23. Raf1 Kg8 24. b3 b4 25. c4 1-0

[Event "Challenge"]
[Site "http://www.queenalice.com/game.php?id=454300"]
[Date "2008.8.27"]
[Round "-"]
[White "superrating"]
[Black "Lintz"]
[Result "1-0"]
[WhiteElo "1562"]
[BlackElo "1942"]

1. d4 d5 2. c4 c6 3. Nc3 Nf6 4. Bf4 e6 5. c5 Be7 6. Nf3 O-O 7. b4 Nbd7 8. Ne5 b6
9. Nxc6 Qe8 10. Nxe7+ Qxe7 11. Bd6 Qe8 12. Bxf8 Nxf8 13. e3 Ng6 14. b5 a6 15. a4
bxc5 16. bxa6 c4 17. Nb5 Qd8 18. Be2 Bxa6 19. O-O Qe7 20. Nc3 Nd7 21. e4 dxe4
22. Nxe4 Nf4 23. Nc3 Qg5 24. Bg4 h5 25. Bf3 g6 26. Bxa8 Nh3+ 27. Kh1 Nf4 28. Qf3
Nf6 29. g3 Nd3 30. h4 Qd2 31. Qxf6 Qxc3 32. Be4 Nb4 33. Rac1 Qb3 34. d5 exd5 35.
Bxd5 Nxd5 36. Qxa6 Qf3+ 37. Kg1 Ne3 38. Qc8+ Kg7 39. Qh3 Nxf1 40. Qxf1 c3 41.
Qc4 Qa8 42. Qxc3+ Kh7 43. Qc6 Qd8 44. Qc4 Qg8 45. Qe4 1-0

[Event "Challenge"]
[Site "http://www.queenalice.com/game.php?id=454301"]
[Date "2008.8.27"]
[Round "-"]
[White "Lintz"]
[Black "superrating"]
[Result "1-0"]
[WhiteElo "1940"]
[BlackElo "1564"]

1. e4 e5 2. d4 exd4 3. c3 Nc6 4. Bc4 Bc5 5. Nf3 Nf6 6. e5 Qe7 7. O-O Ng4 8. cxd4
d6 9. Bg5 f6 10. exf6 gxf6 11. Bf4 Kd8 12. dxc5 Qd7 13. cxd6 Nce5 14. dxc7+ Kxc7
15. Qxd7+ Bxd7 16. Bb3 b6 17. Nxe5 Nxe5 18. Nc3 Kb7 19. Bxe5 fxe5 20. Bd5+ Bc6
21. Rfe1 Rhe8 22. h3 Kc7 23. Re3 Rad8 24. Bxc6 Kxc6 25. Rae1 Rd2 26. R1e2 Rxe2
27. Rxe2 Kc5 28. f4 b5 29. Rxe5+ Rxe5 30. fxe5 1-0

[Event "AUTO-OPEN-1244"]
[Site "http://www.queenalice.com/game.php?id=454848"]
[Date "2008.8.28"]
[Round "1"]
[White "superrating"]
[Black "PH_gga"]
[Result "1/2-1/2"]
[WhiteElo "1572"]
[BlackElo "1291"]

1. d4 e6 2. c4 d5 3. Nc3 dxc4 4. e4 Nc6 5. Be3 Nf6 6. Bxc4 e5 7. d5 Na5 8. Qa4+
c6 9. O-O-O Nxc4 10. Qxc4 cxd5 11. Nxd5 Nxd5 12. Rxd5 Bd6 13. Nf3 Be6 14. Rxd6
Qxd6 15. Qb5+ Qd7 16. Qxd7+ Kxd7 17. Nxe5+ Kd6 18. f4 Bxa2 19. Rd1+ Ke6 20. Bd4
Rac8+ 21. Bc3 f5 22. exf5+ Kxf5 23. g3 b5 24. Rf1 b4 25. g4+ Ke4 26. Nf7 bxc3
27. Nd6+ Ke3 28. Nxc8 Rxc8 29. bxc3 Be6 30. Re1+ Kxf4 31. Rxe6 a5 32. Kc2 a4 33.
Ra6 Kxg4 34. Rxa4+ Kh3 35. Ra7 Rg8 36. c4 Kxh2 37. c5 h5 38. Rd7 g5 39. c6 g4
40. c7 Rc8 41. Rd2+ Kh3 42. Kd3 g3 43. Ke2 Rxc7 44. Kf3 Rc3+ 45. Kf4 g2 46. Rd1
Kh2 47. Rd2 Kh1 48. Rxg2 Kxg2 49. Kg5 Rc5+ 50. Kh4 Kf3 51. Kh3 Rc4 52. Kh2 h4
53. Kh1 h3 54. Kh2 Rh4 55. Kh1 h2 1/2-1/2

[Event "AUTO-OPEN-1244"]
[Site "http://www.queenalice.com/game.php?id=454849"]
[Date "2008.8.28"]
[Round "1"]
[White "PH_gga"]
[Black "superrating"]
[Result "0-1"]
[WhiteElo "1260"]
[BlackElo "1613"]

1. e4 e5 2. Qf3 Nf6 3. Bc4 Bc5 4. Ne2 d6 5. d3 Bg4 6. Qg3 Bxe2 7. Kxe2 g6 8. Nc3
O-O 9. Bh6 Re8 10. Nd5 Nh5 11. Bg5 Nxg3+ 12. hxg3 Qxg5 13. Nxc7 Qf6 14. Nxe8
Qxf2+ 15. Kd1 Qxg2 16. Re1 Bf2 17. Nf6+ Kg7 18. Ne8+ Kf8 19. Nc7 Bxe1 20. Kxe1
Qg1+ 21. Kd2 Qxa1 22. Nxa8 Qxb2 23. Nc7 Qb4+ 24. Ke3 Qe1+ 25. Kf3 Qd1+ 26. Ke3
Qxc2 27. Nd5 Qc1+ 28. Kf2 Qd2+ 29. Kf3 h5 30. Ne3 Nc6 31. g4 Nd4+ 32. Kg3 Qxe3+
33. Kh2 Nf3+ 34. Kg3 Nd2+ 35. Kh4 Nf3+ 36. Kg3 h4+ 37. Kg2 Ne1+ 38. Kf1 Nxd3 39.
Bxd3 Qxd3+ 40. Kg2 Qxe4+ 41. Kh3 Qf3+ 42. Kxh4 Kg7 43. a4 Qf4 44. a5 g5+ 45. Kh5
Qh2+ 46. Kxg5 Qh6+ 47. Kf5 Qf4# 0-1

[Event "AUTO-OPEN-1244"]
[Site "http://www.queenalice.com/game.php?id=454850"]
[Date "2008.8.28"]
[Round "1"]
[White "superrating"]
[Black "reidostorneios"]
[Result "0-1"]
[WhiteElo "1579"]
[BlackElo "1100"]

1. e4 e5 2. Nf3 Nc6 3. Bc4 Bc5 4. c3 d6 5. h3 h6 6. d3 Nf6 7. b4 Bb6 8. a4 a6 9.
a5 Ba7 10. Na3 b5 11. Ba2 O-O 12. Bb2 Be6 13. c4 Qe7 14. cxb5 Nd4 15. Bxe6 Nxf3+
16. gxf3 Qxe6 17. bxa6 Bd4 18. Qc2 c5 19. b5 Nh5 20. Nc4 Nf4 21. Nb6 Ra7 22.
Bxd4 cxd4 23. Qc4 Qf6 24. Nd5 Nxd5 25. Qxd5 Qxf3 26. Qxd6 Qxh1+ 27. Ke2 Qxa1 28.
Qb4 Qa2+ 29. Kf3 f5 30. Qe1 fxe4+ 31. Kxe4 Rf4+ 32. Kxe5 Re7+ 33. Kxf4 g5+ 34.
Kg4 Rxe1 0-1

[Event "AUTO-OPEN-1244"]
[Site "http://www.queenalice.com/game.php?id=454851"]
[Date "2008.8.28"]
[Round "1"]
[White "reidostorneios"]
[Black "superrating"]
[Result "0-1"]
[WhiteElo "1231"]
[BlackElo "1471"]

1. e4 e5 2. Nf3 Nc6 3. Bc4 Bc5 4. c3 d6 5. d3 h6 6. h3 Nf6 7. b4 Bb6 8. a4 a6 9.
a5 Ba7 10. Na3 O-O 11. b5 Ne7 12. O-O axb5 13. Bxb5 c6 14. Bc4 d5 15. Bb3 Be6
16. Nxe5 dxe4 17. Bxe6 fxe6 18. dxe4 Nxe4 19. Qxd8 Raxd8 20. Be3 Bxe3 21. fxe3
Rxf1+ 22. Rxf1 Nxc3 23. Nac4 Rd1 24. Rxd1 Nxd1 25. Nd6 Nxe3 26. Nxb7 Nc8 27. Kf2
Nd5 28. Nxc6 Nc7 29. Nb8 Kf7 30. a6 Na7 31. Nd6+ Ke7 32. Ne4 e5 33. Ke3 Nd5+ 34.
Kf3 Kd8 35. Nd6 Kc7 36. Nf7 Kxb8 37. Nxe5 Nc7 38. g4 Nxa6 39. Ng6 Nc5 40. Kf4
Nc6 41. Kf5 Kc7 42. h4 Kd7 0-1

[Event "AUTO-OPEN-1244"]
[Site "http://www.queenalice.com/game.php?id=454852"]
[Date "2008.8.28"]
[Round "1"]
[White "superrating"]
[Black "fagoncalves"]
[Result "1-0"]
[WhiteElo "1458"]
[BlackElo "1437"]

1. d4 Nf6 2. c4 g6 3. Nc3 Bg7 4. e4 d6 5. Bd3 c6 6. h3 Nbd7 7. Nf3 O-O 8. Be3
Re8 9. Qc2 e5 10. d5 c5 11. O-O-O Qc7 12. Kb1 a6 13. g4 h6 14. Be2 Nb6 15. g5
hxg5 16. Bxg5 Nh7 17. h4 Nxg5 18. Nxg5 f6 19. Nh3 f5 20. Rhg1 Kf7 21. Ng5+ Ke7
22. h5 fxe4 23. Ncxe4 Bf5 24. hxg6 Bxg6 25. Ne6 Qc8 26. Nxg7 Rg8 27. Ne6 Bf7 28.
Bg4 Qf8 29. Nxf8 Raxf8 30. Qb3 Bg6 31. Qxb6 1-0

[Event "AUTO-OPEN-1244"]
[Site "http://www.queenalice.com/game.php?id=454853"]
[Date "2008.8.28"]
[Round "1"]
[White "fagoncalves"]
[Black "superrating"]
[Result "1-0"]
[WhiteElo "1491"]
[BlackElo "1615"]

1. d4 Nf6 2. c4 g6 3. Nc3 Bg7 4. Bf4 c6 5. e4 d6 6. h3 Nbd7 7. Bd3 a6 8. Nf3 O-O
9. Qc2 h5 10. d5 c5 11. O-O-O e5 12. Bg5 Qc7 13. Nh2 Nh7 14. Bh4 Bf6 15. Bxf6
Ndxf6 16. Be2 Qe7 17. g4 Bd7 18. gxh5 Nxh5 19. Bxh5 Qg5+ 20. Kb1 Qxh5 21. Qd3
Bxh3 22. Nf3 Qg4 23. Nh2 Qf4 24. Qxh3 Rfb8 25. Ng4 f6 26. Qh6 Kf7 27. Qxh7+ Kf8
28. Qh8+ 1-0

[Event "AUTO-ADV-1019"]
[Site "http://www.queenalice.com/game.php?id=455186"]
[Date "2008.8.29"]
[Round "1"]
[White "Skartarys"]
[Black "superrating"]
[Result "1-0"]
[WhiteElo "1901"]
[BlackElo "1536"]

1. e4 e5 2. Nf3 Nc6 3. d4 d6 4. dxe5 Nxe5 5. Nxe5 dxe5 6. Qxd8+ Kxd8 7. Bc4 Be6
8. Bxe6 fxe6 9. O-O Nf6 10. Bg5 h6 11. Bxf6+ gxf6 12. f4 Bc5+ 13. Kh1 Bd6 14. f5
exf5 15. Rxf5 Ke7 16. Nc3 c6 17. Raf1 Raf8 18. Nd1 Rhg8 19. Rh5 Rg6 20. Ne3 Rfg8
21. Nf5+ Kd7 22. Nxd6 Kxd6 23. g3 Ke6 24. Rhf5 Rf8 25. Kg2 h5 26. Rxh5 Rf7 27.
h4 Rfg7 28. Rf3 Rd7 29. Kh3 Rd2 30. Rh7 Rxc2 31. Rxb7 c5 32. Rxa7 Rxb2 33. Ra6+
1-0

[Event "AUTO-ADV-1019"]
[Site "http://www.queenalice.com/game.php?id=455187"]
[Date "2008.8.29"]
[Round "1"]
[White "superrating"]
[Black "Skartarys"]
[Result "0-1"]
[WhiteElo "1577"]
[BlackElo "1902"]

1. d4 d5 2. c4 e6 3. Nc3 Nf6 4. Bf4 c6 5. c5 Nbd7 6. Nf3 b5 7. b4 a5 8. a3 Be7
9. Ne5 Nxe5 10. Bxe5 O-O 11. e3 Bd7 12. Bd3 axb4 13. axb4 Rxa1 14. Qxa1 Qa8 15.
Qb1 h6 16. Bxf6 Bxf6 17. O-O Qa3 18. Ne2 e5 19. dxe5 Bxe5 20. f4 Bc3 21. Nd4
Bxb4 22. Nc2 Qxd3 23. Nxb4 Qxe3+ 24. Rf2 Qxc5 25. Nd3 Bf5 26. Qa2 Bxd3 27. Qd2
Re8 28. g3 Re2 0-1

[Event "AUTO-ADV-1019"]
[Site "http://www.queenalice.com/game.php?id=455202"]
[Date "2008.8.29"]
[Round "1"]
[White "sergiomaia"]
[Black "superrating"]
[Result "1-0"]
[WhiteElo "1835"]
[BlackElo "1534"]

1. d4 Nf6 2. Nc3 g6 3. e4 d6 4. e5 dxe5 5. dxe5 Qxd1+ 6. Nxd1 Nfd7 7. f4 Bg7 8.
Nf3 O-O 9. Nc3 f5 10. Nd5 a5 11. Nxc7 Ra7 12. Nd5 b6 13. Nxe7+ Kf7 14. Nxc8 Rxc8
15. Ng5+ Kg8 16. Be3 Rxc2 17. b3 Bh6 18. Bc4+ Kf8 19. Ne6+ Ke7 20. g3 Ra6 21.
Bxa6 Nxa6 22. Nd4 Nb4 23. Nxc2 Nxc2+ 24. Kd2 Nxe3 25. Kxe3 Nc5 26. Rhd1 g5 27.
Rd6 gxf4+ 28. gxf4 1-0

[Event "AUTO-ADV-1019"]
[Site "http://www.queenalice.com/game.php?id=455203"]
[Date "2008.8.29"]
[Round "1"]
[White "superrating"]
[Black "sergiomaia"]
[Result "0-1"]
[WhiteElo "1530"]
[BlackElo "1839"]

1. d4 d5 2. c4 dxc4 3. e4 b5 4. Nc3 c6 5. Bf4 Bb7 6. Nf3 Nf6 7. e5 Nd5 8. Nxd5
cxd5 9. Qc2 e6 10. b3 cxb3 11. Qxb3 a6 12. Bd3 Nc6 13. Qb2 Bb4+ 14. Bd2 Bxd2+
15. Qxd2 O-O 16. h4 Qe7 17. Ng5 h6 18. Nh7 Rfc8 19. g4 Qb4 20. g5 Qxd2+ 21. Kxd2
Nxd4 22. gxh6 Nf3+ 23. Ke3 Nxe5 24. Ng5 Nxd3 25. Kxd3 gxh6 26. Nh3 Rc4 27. Rag1+
Kf8 0-1

[Event "AUTO-ADV-1019"]
[Site "http://www.queenalice.com/game.php?id=455212"]
[Date "2008.8.29"]
[Round "1"]
[White "FOS2006"]
[Black "superrating"]
[Result "1-0"]
[WhiteElo "1814"]
[BlackElo "1471"]

1. e4 e5 2. Nf3 Nc6 3. c3 Bc5 4. b4 Bb6 5. b5 Na5 6. Nxe5 Qf6 7. Nf3 d6 8. d4
Bg4 9. Be2 O-O-O 10. Bg5 Qg6 11. Bxd8 Kxd8 12. Nbd2 Nf6 13. Nh4 Bxe2 14. Nxg6
Bxd1 15. Nxh8 Bh5 16. Nxf7+ Bxf7 17. O-O d5 18. e5 Ne4 19. Nxe4 dxe4 20. Rad1
Bc4 21. Rfe1 Bd3 22. f3 Bc2 23. Rc1 Bd3 24. fxe4 Bxb5 25. e6 Ke7 26. Kh1 Kxe6
27. e5 Nc4 28. Kg1 c5 29. dxc5 Bxc5+ 30. Kh1 Ne3 31. h4 Bc6 32. Re2 Nf5 33. Kh2
Nxh4 34. Rh1 g5 35. Kg3 Nf5+ 36. Kg4 Ne3+ 37. Kxg5 Nxg2 38. Rh6+ Kf7 39. Rxh7+
Ke6 40. Rh6+ Kd5 41. Rxg2 Be3+ 42. Kg6 Bxh6 43. Kxh6 Kxe5 44. Rd2 Bd5 45. Kg7
Ke4 46. Rd4+ Ke5 47. a3 b5 48. Rh4 1-0

[Event "AUTO-ADV-1019"]
[Site "http://www.queenalice.com/game.php?id=455213"]
[Date "2008.8.29"]
[Round "1"]
[White "superrating"]
[Black "FOS2006"]
[Result "0-1"]
[WhiteElo "1473"]
[BlackElo "1812"]

1. d4 d5 2. c4 dxc4 3. e4 b5 4. Nc3 c6 5. Bf4 e6 6. a3 Ba6 7. Nf3 Bd6 8. e5 Be7
9. Qc2 h6 10. Be2 Bg5 11. Bxg5 hxg5 12. g4 f6 13. a4 b4 14. Ne4 Qa5 15. Nfd2 c3
16. bxc3 Bxe2 17. Kxe2 bxc3 18. Qxc3 Qxc3 19. Nxc3 fxe5 20. dxe5 Nh6 21. h3 Nf7
22. Nce4 Nd7 23. Nc4 Ndxe5 24. Ncd6+ Nxd6 25. Nxd6+ Ke7 26. Rad1 Rad8 27. Ne4
Rxd1 28. Rxd1 Rxh3 29. Nxg5 Rh4 30. f3 Rh2+ 31. Ke3 Nc4+ 32. Kf4 e5+ 33. Kg3 Ra2
34. Ne4 Rxa4 35. Nc5 Nb2 36. Rd7+ Ke8 37. Rxg7 Ra5 38. Ne4 Nc4 39. g5 Ne3 40.
Rg6 Nf5+ 41. Kg4 Ne3+ 42. Kh3 Kd7 43. Rf6 Nd5 44. Rd6+ Kc7 45. g6 Ne7 46. Kh4
Nxg6+ 47. Rxg6 c5 48. Nd6 Ra4+ 49. Kg3 c4 0-1

[Event "Challenge"]
[Site "http://www.queenalice.com/game.php?id=455881"]
[Date "2008.8.30"]
[Round "-"]
[White "superrating"]
[Black "Lintz"]
[Result "1-0"]
[WhiteElo "1579"]
[BlackElo "1860"]

1. d4 d5 2. c4 c6 3. Nc3 e6 4. Nf3 f5 5. c5 Be7 6. Bf4 Nf6 7. h3 O-O 8. Ne5 Nfd7
9. e3 Qe8 10. Bd3 b6 11. b4 b5 12. g4 Nxe5 13. Bxe5 a5 14. Rg1 g6 15. gxf5 exf5
16. Bf4 Bf6 17. h4 Bxh4 18. Bh6 Ra7 19. Qh5 Qxe3+ 20. Bxe3 Bf6 21. Rxg6+ hxg6
22. Qxg6+ Rg7 23. Qh6 Rg1+ 24. Bf1 a4 25. O-O-O Rg7 26. f4 Rff7 27. Bh3 Be6 28.
Rg1 Nd7 29. Rxg7+ Rxg7 30. Bf2 Kf7 31. Bh4 Bxh4 32. Qxh4 Nf6 33. Ne2 Rh7 34. Qg3
Ne4 35. Qe3 Rh6 36. Bg2 Nf6 37. Ng3 Ng4 38. Qe2 Rh2 39. Qf3 Kf6 40. Nf1 Rh7 41.
Bh3 Rg7 42. Ne3 Nxe3 43. Qxe3 Rh7 44. Qe5+ 1-0

[Event "Challenge"]
[Site "http://www.queenalice.com/game.php?id=455882"]
[Date "2008.8.30"]
[Round "-"]
[White "Lintz"]
[Black "superrating"]
[Result "1-0"]
[WhiteElo "1896"]
[BlackElo "1596"]

1. e4 e5 2. Nf3 Nc6 3. Bc4 Bc5 4. O-O d6 5. d3 h6 6. Nc3 Bg4 7. Nd5 Nd4 8. Ne3
Nxf3+ 9. gxf3 Bh5 10. Nf5 Qf6 11. Be3 Bxe3 12. fxe3 Qg5+ 13. Kh1 g6 14. Ng3 Nf6
15. Qe2 O-O-O 16. Bxf7 Rdf8 17. Be6+ Kb8 18. Bh3 d5 19. Bg2 dxe4 20. dxe4 Nh7
21. Nxh5 gxh5 22. f4 exf4 23. exf4 Rxf4 24. Rxf4 Qxf4 25. e5 Re8 26. Rd1 c6 27.
e6 Nf6 28. e7 Ng4 29. Bxc6 Nf2+ 30. Kg1 Rg8+ 31. Bg2 Nxd1 32. e8=Q+ Rxe8 33.
Qxe8+ Kc7 34. Qe7+ Kb6 35. Qxb7+ Kc5 36. Qxa7+ Kc4 37. Qa4+ Kc5 38. Qxf4 1-0

[Event "Challenge"]
[Site "http://www.queenalice.com/game.php?id=458341"]
[Date "2008.9.4"]
[Round "-"]
[White "superrating"]
[Black "Lintz"]
[Result "0-1"]
[WhiteElo "1526"]
[BlackElo "1694"]

1. d4 d5 2. c4 c6 3. Nc3 Nf6 4. Bf4 e6 5. Nf3 Be7 6. e3 Bb4 7. Ne5 Ne4 8. Qb3
Bxc3+ 9. bxc3 O-O 10. f3 Nf6 11. c5 Nbd7 12. Bd3 Nh5 13. Nxd7 Qxd7 14. Bd6 Re8
15. Qc2 Nf6 16. g4 g6 0-1

[Event "Challenge"]
[Site "http://www.queenalice.com/game.php?id=458342"]
[Date "2008.9.4"]
[Round "-"]
[White "Lintz"]
[Black "superrating"]
[Result "1-0"]
[WhiteElo "1703"]
[BlackElo "1517"]

1. e4 e5 2. Nf3 Nc6 3. Bb5 d6 4. d4 Bd7 5. Nc3 Nf6 6. Bxc6 bxc6 7. h3 Be7 8.
dxe5 dxe5 9. Nxe5 O-O 10. O-O h6 11. Re1 Bb4 12. Bd2 Be6 13. Nxc6 Qd6 14. Nxb4
Qxb4 15. b3 Rad8 16. Qc1 1-0